Monsters - Statistics

General Stats
  • This quiz has been taken 72 times
  • The average score is 12 of 26
Answer Stats
Hint Answer % Correct
eats brains zombie
100%
made of bones skeleton
94%
breaths fire dragon
81%
sucks blood vampire
81%
turns into wolf werewolf
79%
lives in loch ness nessie
77%
lives in labyrinth minotaur
75%
hells king devil
73%
floating spirit ghost
73%
lives on everest yeti
71%
big ape bigfoot
67%
snake head medusa
63%
giant squid kraken
58%
greek gods ancestors titan
52%
devours goats chupacabra
44%
giant snake hydra
31%
killed 27 people on bridge mothman
29%
tubular animal in mongolia mongolian death worm
15%
eats own babys kronos
10%
lives in australia yowie
10%
surviving dinosaur mokele-mbembe
8%
giant canadian eel ogopogo
6%
ape that lives in swamp swamp ape
6%
lives in bodmin more beast of bodmin more
4%
small monkey creature orang pendek
4%
lives in new zealand wildman
4%
No matching quizzes found
Score Distribution
Percent of People with Each Score
Percentile by Number Answered
Your Score History
You have not taken this quiz